000 00565nam a2200145Ia 4500
008 151213s9999 xx 000 0 und d
100 _aআনোয়ারুল্াহ ভূইয়া।
245 _aমানবতাবাদী দর্শন।
_cআনোয়ারুল্াহ ভূইয়া।
260 _aঢাকা।
_bশিক্ষা বার্তা।
_c2002
300 _a8663 p.
650 _aBangla
650 _aদর্শন।
700 _aআনোয়ারুল্াহ ভূইয়া।
999 _c4449
_d4449